La divergencia entre trabajo científico y acción política

Kaydedildi:
Detaylı Bibliyografya
Yazar: Petras, James F
Materyal Türü: Metin
Baskı/Yayın Bilgisi: Cartagena: A.I.S.
Etiketler: Etiketle
Etiket eklenmemiş, İlk siz ekleyin!

MARC

LEADER 00000 a a2200000 04500
001 16700
003
040
090 |a 011300  
100 |a Petras, James F  
245 |a La divergencia entre trabajo científico y acción política  
260 |a Cartagena:   |b A.I.S.  
300 |a 36 p.  
999 |c 14300  |d 14300